La investigación-acción participativa : inicios y desarrollos /

Selección de ocho artículos que conforman una visión panorámica de las bases teóricas y metodológicas de la investigación-acción participativa (IAP por sus siglas), propuesta orientada al desarrollo de modelos alternativos de planificación, ejecución y evaluación de procesos de transformación social...

Olles dieđut

Furkejuvvon:
Bibliográfalaš dieđut
Váldodahkki: Salazar, María Cristina (edición)
Materiálatiipa: Girji
Giella:espánnjágiella
Almmustuhtton: Madrid, España : Editorial Popular, 1992, c1992
Ráidu:(Biblioteca de Educación de Adultos ; 6)
Fáttát:
Fáddágilkorat: Lasit fáddágilkoriid
Eai fáddágilkorat, Lasit vuosttaš fáddágilkora!

MARC

LEADER 00000nam^a2200000^a^4500
001 000121254
005 20250521000000.0
009 20260310094420.113
020 |a 84-7884-066-4 
037 |a Acervo ITESO - Biblioteca 
041 |a ESP 
082 |a 300. 1  |b SAL 
100 |a Salazar, María Cristina  |e (edición) 
245 1 3 |a La investigación-acción participativa :  |b inicios y desarrollos /  |c Ed. e introd. de M.C. Salazar. 
264 4 |a Madrid, España :  |b Editorial Popular,  |c 1992, c1992 
300 |a 230 p. 
336 |a texto  |b txt  |2 rdacontenido 
337 |a sin mediación  |b n  |2 rdamedio 
338 |a volumen  |b nc  |2 rdasoporte 
440 1 |a (Biblioteca de Educación de Adultos ;  |v 6) 
520 |a Selección de ocho artículos que conforman una visión panorámica de las bases teóricas y metodológicas de la investigación-acción participativa (IAP por sus siglas), propuesta orientada al desarrollo de modelos alternativos de planificación, ejecución y evaluación de procesos de transformación social, mediante la participación colectiva en la investigación y en la acción de sectores habitualmente limitados al papel de objetos de estudio. 
521 |a 2013 BO Maestría en Ciudad y Espacio Público Sustentable 
649 |a XX 
650 |a Investigación-Acción -  |x Tema Principal 
650 |a Participación Social 
650 |a Cambios Sociales y Culturales 
650 |a Ciencias Sociales -  |x Metodología 
910 |a Fondo General 
920 |a Impresos - Libros 
930 |a Colección General 
905 |a 101 
901 |a 0500055908  |b IT1  |c ACC  |u 20250521 
902 |a https://opac.biblio.iteso.mx/vufind/Record/000121254